Statistiken für Währungen Europas mit Bildern

Klicken Sie hier um das Quiz zu spielen!

Allgemein

  • Dieses Quiz wurde 65 mal gespielt
  • Das Durchschnittsergebnis liegt bei 20 aus 45

Antwortstatistiken

Antwort% Korrekt
Slowenien
98%
Deutschland
88%
Türkei
83%
Andorra
79%
Frankreich
79%
Griechenland
77%
Tschechien
77%
Polen
69%
Ungarn
69%
Österreich
65%
Vereinigtes Königreich
60%
Schweiz
58%
Spanien
58%
Lettland
56%
Portugal
56%
Vatikanstadt
56%
Belgien
50%
Dänemark
50%
Norwegen
50%
Russland
50%
Serbien
50%
Slowakei
48%
Italien
44%
Ukraine
44%
Weißrussland
37%
Schweden
33%
Bulgarien
31%
Nordmazedonien
31%
Albanien
29%
Estland
29%
Moldawien
29%
Niederlande
29%
Finnland
27%
Litauen
27%
San Marino
27%
Georgien
23%
Montenegro
23%
Monaco
21%
Rumänien
21%
Zypern
21%
Armenien
17%
Luxemburg
17%
Irland
15%
Aserbaidschan
12%
Malta
12%

Verteilung der Resultate

Perzentil nach korrekt beantworteten Fragen

Anzahl Personen mit jedem Resultat

Ihre Resultats-Entwicklung

Sie haben dieses Quiz noch nicht gespielt